Phân tích hệ thống phân phối thuốc bảo vệ thực vật tại tỉnh An Giang : Luận văn thạc sĩ kinh tế. Chuyên ngành: Quản trị kinh doanh

Đánh giá tổng quan hệ thống phân phối thuốc bảo vệ thực vật ở An Giang. Phân tích hệ thống phân phối thuốc bảo vệ thực vật. Đề xuất các giải pháp ổn định thị trường thuốc bảo vệ thực vật....

Popoln opis

Shranjeno v:
Bibliografske podrobnosti
Glavni avtor: Trương, Thị Kim Tú
Format: Knjiga
Jezik:Undetermined
Izdano: Cần Thơ Đại học Cần Thơ 2011
Teme:
Oznake: Označite
Brez oznak, prvi označite!
Thư viện lưu trữ: Trung tâm Học liệu Trường Đại học Cần Thơ
LEADER 01269nam a2200229Ia 4500
001 CTU_172568
008 210402s9999 xx 000 0 und d
082 |a 658.81 
082 |b T500 
088 |a 60340102 
100 |a Trương, Thị Kim Tú 
245 0 |a Phân tích hệ thống phân phối thuốc bảo vệ thực vật tại tỉnh An Giang : 
245 0 |b Luận văn thạc sĩ kinh tế. Chuyên ngành: Quản trị kinh doanh 
245 0 |c Trương Thị Kim Tú ; Nguyễn Tri Khiêm (Người hướng dẫn khoa học) 
260 |a Cần Thơ 
260 |b Đại học Cần Thơ 
260 |c 2011 
520 |a Đánh giá tổng quan hệ thống phân phối thuốc bảo vệ thực vật ở An Giang. Phân tích hệ thống phân phối thuốc bảo vệ thực vật. Đề xuất các giải pháp ổn định thị trường thuốc bảo vệ thực vật. 
650 |a Pesticides,Thuốc bảo vệ thực vật,Distribution (Economic theory),Marketing,Sự phân phối,Tiếp thị 
650 |x Management,Quản trị 
904 |i Năm 
980 |a Trung tâm Học liệu Trường Đại học Cần Thơ